Elementary geology. (Record no. 24333)

MARC details
000 -LEADER
fixed length control field 00935cam a22002651 4500
001 - CONTROL NUMBER
control field gs 05001018
003 - CONTROL NUMBER IDENTIFIER
control field DLC
005 - DATE AND TIME OF LATEST TRANSACTION
control field 20260227111302.0
008 - FIXED-LENGTH DATA ELEMENTS--GENERAL INFORMATION
fixed length control field 880326t18441842nyuaf 001 0 eng c
010 ## - LIBRARY OF CONGRESS CONTROL NUMBER
LC control number gs 05001018
035 ## - SYSTEM CONTROL NUMBER
System control number (OCoLC)17684582
040 ## - CATALOGING SOURCE
Original cataloging agency U.S. Geol. survey. Library
Transcribing agency T
Modifying agency T
-- OCoLC
-- DLC
042 ## - AUTHENTICATION CODE
Authentication code premarc
050 00 - LIBRARY OF CONGRESS CALL NUMBER
Classification number QE28
Item number .H665 1845
100 1# - MAIN ENTRY--PERSONAL NAME
Personal name Hitchcock, Edward,
Dates associated with a name 1793-1864.
245 00 - TITLE STATEMENT
Title Elementary geology.
Statement of responsibility, etc. By Edward Hitchcock.
250 ## - EDITION STATEMENT
Edition statement 3d ed.,
Remainder of edition statement rev. and improved. With an introductory notice by John Pye Smith.
260 ## - PUBLICATION, DISTRIBUTION, ETC.
Place of publication, distribution, etc. New York,
Name of publisher, distributor, etc. Mark H. Newman,
Date of publication, distribution, etc. 1844 [c1842]
300 ## - PHYSICAL DESCRIPTION
Extent xii, [13]-352 p.
Other physical details illus., fold. col. pl., fold. tab., diagrs.
Dimensions 20 cm.
500 ## - GENERAL NOTE
General note Includes index.
500 ## - GENERAL NOTE
General note Includes bibliographic citations.
500 ## - GENERAL NOTE
General note Notes in "Addenda" (p. [349]-352) contain citations dated 1840-1843.
650 #0 - SUBJECT ADDED ENTRY--TOPICAL TERM
Topical term or geographic name entry element Geology.
700 1# - ADDED ENTRY--PERSONAL NAME
Personal name Smith, John Pye,
Dates associated with a name 1774-1851.

No items available.

Powered by Koha